Community forestry lessons from case studies in Asia and the Pacific region

Gardado en:
Detalles Bibliográficos
Autor Principal: FAO
Formato: Libro
Idioma:Undetermined
Publicado: Rome FAO
Những chủ đề:
Các nhãn: Engadir etiqueta
Sen Etiquetas, Sexa o primeiro en etiquetar este rexistro!
Thư viện lưu trữ: Trung tâm Học liệu Trường Đại học Cần Thơ
LEADER 00488nam a2200169Ia 4500
001 CTU_29227
008 210402s9999 xx 000 0 und d
082 |a 634.9 
082 |b C734 
100 |a FAO 
245 0 |a Community forestry lessons from case studies in Asia and the Pacific region 
245 0 |c FAO 
260 |a Rome 
260 |b FAO 
650 |a forests and forestry 
904 |i Nguyễn Quang Điền, 990315 
980 |a Trung tâm Học liệu Trường Đại học Cần Thơ